| 000 | 00684nam a22002057a 4500 | ||
|---|---|---|---|
| 999 |
_c181543 _d181543 |
||
| 005 | 20220216143919.0 | ||
| 010 | _aENG-129950-129951 | ||
| 020 |
_a978-93-903-9479-1 _c650.00( vol.1) |
||
| 020 |
_a978-93-903-9480-7 _c599.00 (vol.2) |
||
| 035 | _a EN-113482 -83 | ||
| 037 | _bDBAD/PUB | ||
| 082 | _a574 | ||
| 100 | _aRajiv Vijay | ||
| 245 |
_aObjective biology for neet 2021: _bNational eligibility cum entrance test/ _cby Rajiv Vijay |
||
| 250 | _a5th. ed. | ||
| 260 |
_bPearson _aIndia _c2021 |
||
| 270 |
_bNoida _e201301 _a15th floor,tower-B,word trade tower plot no.1,Block-c,sector-16 |
||
| 300 |
_av.p. _c25cm(pbk) _bvol.1-2 |
||
| 942 |
_2ddc _cEN _h574 _mVIJ |
||